Umělecké impulzy anthroposofie /

Hlavní autor: Atwood, Sophia-Imme
Další autoři: Koželuhová, Jitka, 1966-, Blume, Walter, 1883-1933, Prokof‘jev, Sergej Olegovič, 1954-2014, Hradil, Radomil, 1967-
Jazyk: Čeština
Vydáno: Lelekovice : Franesa, 2018-
Vydání: Vydání první
Edice: Anthroposofie a umění
Témata:
Fyzický popis: ^^^svazků : ilustrace, noty ; 21 cm
Odebírané svazky: 1-
Knihy
Uloženo v:
LEADER 02472nam a2200613 ia4500
001 nkc20183001238
003 CZ PrNK
005 20180919143704.0
007 ta
008 180607m20189999xr ag f 000 0 cze
015 |a cnb003001238 
020 |a 978-80-907114-4-0  |q (1 ;  |q brožováno) 
035 |a (OCoLC)1051234497 
040 |a ABA001  |b cze  |d OLA001  |e rda 
041 1 |a cze  |h ger 
072 7 |a 7.01/.09  |x Umění  |2 Konspekt  |9 21 
080 |a 7.01  |2 MRF 
080 |a 72/76  |2 MRF 
080 |a 78  |2 MRF 
080 |a 141.333  |2 MRF 
080 |a (048.8)  |2 MRF 
080 |a (082)  |2 MRF 
100 1 |a Atwood, Sophia-Imme  |7 jo2018996863  |4 aut 
245 1 0 |a Umělecké impulzy anthroposofie /  |c Sophia-Imme Atwoodová, Jitka Koželuhová, Walter Blume, Sergej O. Prokofjev ; z německých originálů ... přeložil a k vydání připravil Radomil Hradil 
250 |a Vydání první 
264 1 |a Lelekovice :  |b Franesa,  |c 2018- 
300 |a ^^^svazků :  |b ilustrace, noty ;  |c 21 cm 
336 |a text  |b txt  |2 rdacontent 
337 |a bez média  |b n  |2 rdamedia 
338 |a svazek  |b nc  |2 rdacarrier 
490 1 |a Anthroposofie a umění 
500 |a Vydáno ke Konferencii 7 umení konané v Bratislavě 
504 |a Obsahuje bibliografické odkazy 
505 1 |a 1. 2018. 115 stran 
650 0 7 |a filozofie umění  |7 ph120229  |x antropozofické pojetí  |2 czenas 
650 0 7 |a umění  |7 ph116538  |x antropozofické pojetí  |2 czenas 
650 0 7 |a hudba  |7 ph114719  |x antropozofické pojetí  |2 czenas 
650 0 9 |a philosophy of art  |x anthroposophical approach  |2 eczenas 
650 0 9 |a art  |x anthroposophical approach  |2 eczenas 
650 0 9 |a music  |x anthroposophical approach  |2 eczenas 
655 7 |a studie  |7 fd133597  |2 czenas 
655 7 |a sborníky  |7 fd163935  |2 czenas 
655 9 |a studies  |2 eczenas 
655 9 |a papers of several authors  |2 eczenas 
700 1 |a Koželuhová, Jitka,  |d 1966-  |7 mzk2010593212  |4 aut 
700 1 |a Blume, Walter,  |d 1883-1933  |7 jo2018996841  |4 aut 
700 1 |a Prokof‘jev, Sergej Olegovič,  |d 1954-2014  |7 jn20010601370  |4 aut 
700 1 |a Hradil, Radomil,  |d 1967-  |7 xx0002864  |4 trl  |4 edt 
830 0 |a Anthroposofie a umění  |0 s 
910 2 |a BOA001  |b 2-1411.843  |s 1- 
990 |a BK 
995 |a 01 
996 6 |b 2610754399  |c 2-1411.843  |d 1. díl  |v 1  |l MZK  |r Sklad / do 1 hodiny  |n 0  |p p.v.  |w 001686215  |u 000010  |a 1  |e BOA001  |j MZK50  |s P 
996 7 |b 2610754400  |c 2-1411.843  |d 1. díl  |v 1  |l MZK  |r Sklad / do 1 hodiny  |n 0  |p p.v.  |w 001686215  |u 000020  |a 1  |e BOA001  |j MZK50  |s A